• 首页
  • 本馆介绍
  • 公告通知
  • 最新文献
  • 馆藏检索
  • 电子资源
  • 读者导购
  • 参考咨询
  • 我的图书馆
  • 登录
  • 详细信息显示
  • 放入我的书架
  • 预约/预借图书
  • 作者相关作品
  • 分类相关作品
  • 丛书相关作品
  • 出版社相关作品

书目信息

  • 表格格式
  • 工作单格式
  • 卡片格式
题名:
全民健身路径
    
 
作者: 巩永波 编著
分册:  
出版信息: 长春   吉林文史出版社  2018.12
页数: 186页
开本: 24cm
丛书名: 最受欢迎的全民健身项目指导用书
单 册:
中图分类: G811.4
科图分类:
主题词: 全民健身--基本知识
电子资源:
ISBN: 978-7-5472-1712-2
000 00950nam 2200265 45
001 012001000697
005 20130909131342.0
010    @a978-7-5472-1712-2@dCNY35.80
099    @aCAL 012014048123
100    @a20140422d2014 em y0chiy0110 ea
101 0  @achi
102    @aCN@b220000
105    @aak z 000yy
106    @ar
200 1  @a全民健身路径@Aquan min jian shen lu jing@f巩永波编著
210    @a长春@c吉林文史出版社@d2018.12
215    @a186页@c彩图@d24cm
225 2  @a最受欢迎的全民健身项目指导用书@Azui shou huan ying de quan min jian shen xiang mu zhi dao yong shu
330    @a本书分为基础理论篇、健身路径器械篇、科学健身篇、健身达人篇。内容包括: 什么是全民健身路径 ; 全民健身路径在中国的兴起与发展等。
461  0 @12001 @a最受欢迎的全民健身项目指导用书
606 0  @a全民健身@x基本知识
690    @aG811.4@v5
701  0 @a巩永波@Agong yong bo@4编著
801    @aCN@b江苏凤凰@c20211018
905    @b1340676-9@dG811.4@e101@f4
    
    全民健身路径/巩永波编著.-长春:吉林文史出版社,2018.12
    186页:彩图;24cm.-(最受欢迎的全民健身项目指导用书)
    
    
    ISBN 978-7-5472-1712-2:CNY35.80
    本书分为基础理论篇、健身路径器械篇、科学健身篇、健身达人篇。内容包括: 什么是全民健身路径 ; 全民健身路径在中国的兴起与发展等。
●
相关链接 在E读中查询图书 在五车中查询图书 在当当中查询图书 在豆瓣中查询图书


正题名:全民健身路径     索取号:G811.4/101         预约/预借

序号 登录号 条形码 馆藏地/架位号 状态 备注
1 1340676   213406768   第一样本阅览室/ [索取号:G811.4/101] 在馆    
2 1340677   213406777   第四借阅区/ [索取号:G811.4/101] 在馆    
3 1340678   213406786   第四借阅区/ [索取号:G811.4/101] 在馆    
4 1340679   213406795   第四借阅区/ [索取号:G811.4/101] 在馆    
唐山师范学院图书馆 欢迎您!
大连网信软件有限公司© 版权所有